Africký systém ochrany ľudských práv bakalárska práca

Guardado en:
Detalles Bibliográficos
Autor principal: Tomlyová, Barbora
Autor Corporativo: Fakulta medzinárodných vzťahov EU. Katedra medzinárodného práva
Otros Autores: Hraníková Pyteľová, Klaudia, 1985-
Formato: Libro
Lenguaje:eslovaco
Publicado: Bratislava 2023
Etiquetas: Agregar Etiqueta
Sin Etiquetas, Sea el primero en etiquetar este registro!

MARC

LEADER 00000nbm a2200000 4500
001 0293221
005 20240617143713.0
041 0 |a slo 
044 |a SK 
245 1 0 |a Africký systém ochrany ľudských práv  |b bakalárska práca  |c Barbora Tomlyová ; školiteľ: Klaudia Hraníková Pyteľová 
264 1 |a Bratislava  |c 2023 
300 |a 53 s. 
100 1 |a Tomlyová, Barbora 
700 1 |a Hraníková Pyteľová, Klaudia, 1985- 
710 2 |a Fakulta medzinárodných vzťahov EU. Katedra medzinárodného práva